000 00699nam a22002297a 4500
003 UA-OsUOA
001 51004
007 ta
008 20140716b un ||||| |||| 00| 0 ukr d
090 _a082
_bЗ-41
942 _cBK
040 _aUA-OsUOA
_bukr
_cUA-OsUOA
_dUA-OsUOA
245 _aЗбірник тисячоліття християнства в Україні 988-1988
300 _a282 с.
955 _a1
041 _aukr
080 _a082
260 _aВінніпег
_bУВАН
_c1991
650 7 _a08 Видання. Колективні праці
_2UDC
999 _c431142
_d431142